[Event "CZE-chT B1 corr"]
[Site "Czechia"]
[Date "2002.??.??"]
[Round "?"]
[White "Hala, Martin"]
[Black "Hlavac, Frantisek"]
[Result "1/2-1/2"]
[WhiteElo "2405"]
[BlackElo "2405"]
[PlyCount "45"]
[EventDate "2002.??.??"]
[EventType "team (corr)"]
[EventRounds "14"]
[EventCountry "CZE"]
[SourceTitle "Corr 2004"]
[Source "ChessBase"]
[SourceDate "2003.04.28"]
[SourceVersion "3"]
[SourceVersionDate "2003.04.28"]
[SourceQuality "1"]

1. e4 e5 2. Nf3 Nf6 3. Nxe5 d6 4. Nf3 Nxe4 5. d4 d5 6. Bd3 Be7 7. 0-0 Nc6 8. c4 Nf6 9. Nc3 0-0 10. h3 Nb4 11. Be2 dxc4 12. Bxc4 Bf5 13. a3 Nbd5 14. Re1 c6 15. Bg5 Be6 16. Qd3 h6 17. Bxd5 Nxd5 18. Nxd5 Bxg5 19. Nxg5 Qxg5 20. Re5 Qh4 21. Nc7 Rad8 22. Rd1 Ba2 23. Rd2 1/2-1/2

[Event "CZE-chT2a 0001"]
[Site "Czech Republic"]
[Date "2001.??.??"]
[Round "10"]
[White "Bujnoch, Radek"]
[Black "Hala, Martin"]
[Result "1/2-1/2"]
[WhiteElo "2100"]
[BlackElo "2120"]
[PlyCount "86"]
[EventDate "2000.??.??"]
[EventType "team"]
[EventRounds "11"]
[EventCountry "CZE"]
[SourceTitle "EXT 2003"]
[Source "ChessBase"]
[SourceDate "2002.11.25"]
[SourceVersion "1"]
[SourceVersionDate "2002.11.25"]
[SourceQuality "1"]

1. e4 c5 2. Nf3 d6 3. d4 cxd4 4. Nxd4 Nf6 5. Nc3 a6 6. Bg5 e6 7. f4 Be7 8. Qf3 0-0 9. 0-0-0 Qc7 10. g4 Nc6 11. Bg2 Bd7 12. Kb1 Rac8 13. Rhe1 b5 14. a3 Nxd4 15. Rxd4 a5 16. e5 dxe5 17. fxe5 Nd5 18. Bxe7 Nxe7 19. Qd3 Bc6 20. Bxc6 Nxc6 21. Rd6 b4 22. Nb5 Qb6 23. a4 Qf2 24. Qe2 Qc5 25. Rd2 Ne7 26. Nd6 Rc7 27. Qb5 Nd5 28. Qxc5 Rxc5 29. Ne4 Rc7 30. Rf2 Rc4 31. Rf3 Nb6 32. b3 Rd4 33. h3 Nd7 34. Nd6 Rd5 35. Nc4 Rd8 36. Ree3 Nb8 37. Rd3 Nc6 38. Rfe3 h6 39. Kc1 Kh7 40. Kd2 Kg6 41. h4 h5 42. gxh5+ Kxh5 43. Re4 Kg6 1/2-1/2

[Event "CZE-ch15 corr0102"]
[Site "Czechia"]
[Date "2001.??.??"]
[Round "?"]
[White "Foukal, Zdenek"]
[Black "Hala, Martin"]
[Result "1/2-1/2"]
[WhiteElo "2335"]
[BlackElo "2415"]
[PlyCount "90"]
[EventDate "2001.??.??"]
[EventType "tourn (corr)"]
[EventRounds "22"]
[EventCountry "CZE"]
[SourceTitle "Corr 2004"]
[Source "ChessBase"]
[SourceDate "2003.04.28"]
[SourceVersion "3"]
[SourceVersionDate "2003.04.28"]
[SourceQuality "1"]

1. e4 e5 2. Nf3 Nc6 3. Bb5 a6 4. Ba4 Nf6 5. 0-0 Nxe4 6. d4 b5 7. Bb3 d5 8. dxe5 Be6 9. Nbd2 Bc5 10. Nxe4 dxe4 11. Ng5 Qxd1 12. Rxd1 0-0 13. Nxe4 Bxb3 14. axb3 Bd4 15. e6 fxe6 16. c3 Bb6 17. Be3 Bxe3 18. fxe3 a5 19. Ng5 Rfe8 20. Rd7 Rac8 21. Nf3 Red8 22. Rxd8+ Rxd8 23. Nd4 Nxd4 24. exd4 Ra8 25. Kf2 Kf7 26. Kf3 Ke7 27. h4 a4 28. Ke4 Rb8 29. bxa4 bxa4 30. Ra2 Kd6 31. h5 Rb5 32. g4 Rg5 33. Kf4 Ra5 34. Ra3 Rb5 35. Rxa4 Rxb2 36. Ra8 Rf2+ 37. Kg5 Rf6 38. Rd8+ Kc6 39. Rg8 h6+ 40. Kh4 Rf7 41. g5 Kd5 42. g6 Re7 43. Rd8+ Kc6 44. Rf8 Kd6 45. Kg4 e5 1/2-1/2

[Event "CZE-ch15 corr0102"]
[Site "Czechia"]
[Date "2001.??.??"]
[Round "?"]
[White "Hala, Martin"]
[Black "Hybl, Vladislav"]
[Result "1-0"]
[WhiteElo "2415"]
[BlackElo "2240"]
[PlyCount "100"]
[EventDate "2001.??.??"]
[EventType "tourn (corr)"]
[EventRounds "22"]
[EventCountry "CZE"]
[SourceTitle "Corr 2004"]
[Source "ChessBase"]
[SourceDate "2003.04.28"]
[SourceVersion "3"]
[SourceVersionDate "2003.04.28"]
[SourceQuality "1"]

1. e4 c5 2. Nf3 d6 3. d4 cxd4 4. Nxd4 Nf6 5. Nc3 a6 6. Bg5 e6 7. f4 Be7 8. Qf3 Qc7 9. 0-0-0 Nbd7 10. Bd3 h6 11. Bh4 g5 12. fxg5 Ne5 13. Qe2 Nfg4 14. Nf3 Nxf3 15. gxf3 hxg5 16. fxg4 gxh4 17. Rhf1 Bd7 18. Rf3 Bg5+ 19. Kb1 Qc5 20. e5 Qxe5 21. Qf2 Rf8 22. Re1 Qc5 23. Qf1 Qd4 24. Ne4 Be7 25. Rf4 Qg7 26. g5 Bc6 27. Nf6+ Bxf6 28. Rxf6 0-0-0 29. Qf4 h3 30. Bf1 Bg2 31. Bxg2 hxg2 32. Rg1 Rd7 33. Rxg2 Rh8 34. a3 Kb8 35. Rd2 Rhd8 36. h4 Qh7 37. g6 fxg6 38. Rxe6 Kc7 39. Qg3 Qh6 40. Rd4 Qg7 41. Qd3 Kb8 42. Rxg6 Qe5 43. Re4 Qh2 44. Reg4 Rc7 45. Rg7 Rdc8 46. Rxc7 Rxc7 47. Qd1 Rc5 48. Rg5 Qxh4 49. Qxd6+ Rc7 50. Rg7 Qc4 1-0

[Event "CZE-ch15 corr0102"]
[Site "Czechia"]
[Date "2001.??.??"]
[Round "?"]
[White "Hala, Martin"]
[Black "Kadlec, Antonin"]
[Result "1-0"]
[WhiteElo "2415"]
[BlackElo "2375"]
[PlyCount "81"]
[EventDate "2001.??.??"]
[EventType "tourn (corr)"]
[EventRounds "22"]
[EventCountry "CZE"]
[SourceTitle "Corr 2004"]
[Source "ChessBase"]
[SourceDate "2003.04.28"]
[SourceVersion "3"]
[SourceVersionDate "2003.04.28"]
[SourceQuality "1"]

1. e4 e5 2. Nf3 Nc6 3. Bb5 a6 4. Ba4 Nf6 5. 0-0 Be7 6. Re1 b5 7. Bb3 d6 8. c3 0-0 9. h3 Na5 10. Bc2 c5 11. d4 Qc7 12. Nbd2 cxd4 13. cxd4 Bd7 14. Nf1 Rfc8 15. Re2 Nc6 16. Be3 Nb4 17. Bb1 exd4 18. Nxd4 Nc6 19. Ng3 g6 20. a3 Ne5 21. Ba2 Qb7 22. Bg5 Qb6 23. Kh1 Rc7 24. f4 Nc4 25. Qg1 Re8 26. Qf2 Bc8 27. Rd1 Bd8 28. f5 Ng4 29. Qf4 f6 30. Bh6 Nge5 31. Qh4 Nf7 32. fxg6 hxg6 33. Ngf5 Qb7 34. Rd3 Bxf5 35. Nxf5 Re6 36. Qf4 Rd7 37. Nd4 Re5 38. Qg4 Kh7 39. Bd2 Rh5 40. Nf3 Re7 41. Bc3 1-0

[Event "CZE-ch15 corr0102"]
[Site "Czechia"]
[Date "2001.??.??"]
[Round "?"]
[White "Hala, Martin"]
[Black "Kudela, Stanislav"]
[Result "1-0"]
[WhiteElo "2415"]
[BlackElo "2440"]
[PlyCount "49"]
[EventDate "2001.??.??"]
[EventType "tourn (corr)"]
[EventRounds "22"]
[EventCountry "CZE"]
[SourceTitle "Corr 2004"]
[Source "ChessBase"]
[SourceDate "2003.04.28"]
[SourceVersion "3"]
[SourceVersionDate "2003.04.28"]
[SourceQuality "1"]

1. e4 c5 2. Nf3 d6 3. d4 cxd4 4. Nxd4 Nf6 5. Nc3 a6 6. Bg5 e6 7. f4 Qb6 8. a3 Nc6 9. Nb3 Be7 10. Qd2 0-0 11. 0-0-0 Rd8 12. Bxf6 Bxf6 13. g4 Na5 14. Nd4 Bd7 15. g5 Be7 16. h4 Nc6 17. Nb3 Na5 18. Nxa5 Qxa5 19. Kb1 Qb6 20. Ka1 Qc5 21. h5 b5 22. Bd3 b4 23. Kb1 a5 24. g6 Bf6 25. gxh7+ 1-0

[Event "CZE-ch15 corr0102"]
[Site "Czechia"]
[Date "2001.??.??"]
[Round "?"]
[White "Spal, Milan"]
[Black "Hala, Martin"]
[Result "1-0"]
[WhiteElo "2425"]
[BlackElo "2415"]
[PlyCount "103"]
[EventDate "2001.??.??"]
[EventType "tourn (corr)"]
[EventRounds "22"]
[EventCountry "CZE"]
[SourceTitle "Corr 2004"]
[Source "ChessBase"]
[SourceDate "2003.04.28"]
[SourceVersion "3"]
[SourceVersionDate "2003.04.28"]
[SourceQuality "1"]

1. e4 e5 2. Nf3 Nc6 3. d4 exd4 4. Nxd4 Bc5 5. Nxc6 Qf6 6. Qd2 dxc6 7. Nc3 Be6 8. Na4 Rd8 9. Bd3 Bd4 10. 0-0 Qh4 11. Qf4 Qh5 12. Qg3 Ne7 13. Be3 Bf6 14. h3 0-0 15. Rad1 b6 16. Rd2 Ng6 17. b3 c5 18. Be2 Qe5 19. Qxe5 Nxe5 20. Rfd1 Rxd2 21. Rxd2 g5 22. Nb2 Nc6 23. Nd1 h6 24. Bg4 Re8 25. f3 Be5 26. Bxe6 Rxe6 27. Kf2 Nd4 28. c3 Nb5 29. Rd8+ Kg7 30. Bd2 Kg6 31. g4 Rd6 32. Rxd6+ Nxd6 33. Ne3 c6 34. Ke2 Kf6 35. Kd3 Ke6 36. Be1 f6 37. Nf5 Nf7 38. h4 Bf4 39. h5 Ne5+ 40. Ke2 Nf7 41. Bf2 Be5 42. Kd3 Bf4 43. a4 Ne5+ 44. Ke2 Nf7 45. a5 Bd6 46. a6 Be5 47. Kd3 Bc7 48. b4 cxb4 49. cxb4 Ne5+ 50. Kc2 Nf7 51. Bd4 Bd8 52. Kb3 1-0

[Event "CZE-chT B2 corr"]
[Site "Czech Republic"]
[Date "2000.??.??"]
[Round "?"]
[White "Galuska, Josef"]
[Black "Hala, Martin"]
[Result "1/2-1/2"]
[WhiteElo "2335"]
[BlackElo "2420"]
[PlyCount "105"]
[EventDate "2000.??.??"]
[EventType "team (corr)"]
[EventRounds "14"]
[EventCountry "CZE"]
[SourceTitle "Corr 2002"]
[Source "ChessBase"]
[SourceDate "2002.05.23"]
[SourceVersion "1"]
[SourceVersionDate "2002.05.23"]
[SourceQuality "1"]

1. d4 Nf6 2. c4 g6 3. Nc3 Bg7 4. e4 d6 5. f3 0-0 6. Be3 Nc6 7. Nge2 a6 8. Qd2 Rb8 9. Nc1 e5 10. Nb3 exd4 11. Nxd4 Nxd4 12. Bxd4 Be6 13. Be2 c6 14. a4 d5 15. cxd5 cxd5 16. e5 Nd7 17. f4 f6 18. exf6 Nxf6 19. Rd1 b5 20. axb5 axb5 21. b4 Ne4 22. Nxe4 dxe4 23. Bxg7 Kxg7 24. Qe3 Qf6 25. 0-0 Bc4 26. Bxc4 bxc4 27. Rd4 Qb6 28. Re1 Rfc8 29. Kh1 c3 30. Rd7+ Kf8 31. Qxe4 Re8 32. Re7 Rxe7 33. Qxe7+ Kg8 34. h3 Qxb4 35. Qe6+ Kg7 36. Qe5+ Kg8 37. Qd5+ Kg7 38. Re4 c2 39. Qe5+ Kg8 40. Rxb4 c1Q+ 41. Kh2 Rxb4 42. Qe8+ Kg7 43. Qe7+ Kg8 44. Qxb4 Qe3 45. Qd6 Kf7 46. Qd5+ Kf6 47. Qg5+ Kf7 48. Qh6 Kg8 49. h4 Qf2 50. Qg5 Kf8 51. h5 gxh5 52. Kh3 Qe1 53. Qe5 1/2-1/2

[Event "CZE-chT B2 corr"]
[Site "Czech Republic"]
[Date "2000.??.??"]
[Round "?"]
[White "Hala, Martin"]
[Black "Bazant, Petr"]
[Result "1/2-1/2"]
[WhiteElo "2420"]
[BlackElo "2385"]
[PlyCount "98"]
[EventDate "2000.??.??"]
[EventType "team (corr)"]
[EventRounds "14"]
[EventCountry "CZE"]
[SourceTitle "Corr 2002"]
[Source "ChessBase"]
[SourceDate "2002.05.23"]
[SourceVersion "1"]
[SourceVersionDate "2002.05.23"]
[SourceQuality "1"]

1. e4 c5 2. Nf3 Nf6 3. Nc3 Nc6 4. d4 d5 5. exd5 Nxd5 6. Nxd5 Qxd5 7. Be3 cxd4 8. Nxd4 Nxd4 9. Qxd4 Qxd4 10. Bxd4 Bd7 11. 0-0-0 Bc6 12. f4 a6 13. Rd2 Rd8 14. Bc4 Bxg2 15. Rhd1 Bf3 16. Bb6 Rd6 17. Bb3 f6 18. Rf1 Bc6 19. Re1 Rxd2 20. Kxd2 g6 21. Bd4 Kd7 22. Bc5 e5 23. Bxf8 Rxf8 24. fxe5 fxe5 25. Rxe5 Rf2+ 26. Re2 Rf4 27. c3 g5 28. Re5 h6 29. Kd3 Rf6 30. Bd1 Kd6 31. Re3 Rf2 32. Rh3 Rxb2 33. Rxh6+ Ke5 34. a4 Be4+ 35. Ke3 Rb1 36. Bf3 Re1+ 37. Kf2 Rc1 38. Bxe4 Kxe4 39. h4 Rc2+ 40. Kf1 g4 41. Rh7 b6 42. h5 Kf3 43. Rf7+ Kg3 44. Kg1 Rc1+ 45. Rf1 Rxc3 46. h6 Rc7 47. Rb1 Rb7 48. Rb3+ Kh4 49. Kg2 Kg5 1/2-1/2